00859 2200325 4500001002100000005001500021035002000036007000300056008004100059020002200100082001100122084001700133100002100150245008400171260004200255300004200297500001400339650002400353700001800377700002000395504003000415990001100445990001100456990001100467990001100478990001100489990001100500990001100511990001100522INLIS00000000000597420200724015244 a0010-0720000142ta200724 g 0 ind  a978-602-9235-16-6 a330.03 a330.03 OKI e0 aOKI, Prama Bakti1 aEnsiklopedia Ekonomi 2 /cOki Prama Bakti, Morena Cindo; editor, Monica Herlina aJakarta :bCitraunggul Laksana,c2015 ajil.2, vi, 97 hlm. :bilus. ;c30 cm. aBilingual 4aEKONOMI-ENSIKLOPEDI0 aMORENA, Cindo0 aMONICA, Herlina aBibliografi : hlm.96 + 97 a7571 a a7571 b a7571 c a7571 d a7571 e a7571 f a7571 g a7571 h